Strafrechtliche Verantwortung ohne Grenzen Der dogmatische Charakter der Führungsverantwortung im ungarischen Strafrechtssystem /
Elmentve itt :
| Szerző: | |
|---|---|
| Dokumentumtípus: | Könyv része |
| Megjelent: |
Gondolat Publishers
Budapest
2021
|
| Sorozat: | Humboldt-Nachrichten – Zeitschrift des Humboldt-Vereins Ungarn
Neue Grenzen: Humboldt-Kolleg Budapest 2018 = New Frontiers: Humboldt Kolleg Budapest 2018 |
| mtmt: | 32068409 |
| Online Access: | http://publicatio.bibl.u-szeged.hu/21648 |
| LEADER | 01010naa a2200217 i 4500 | ||
|---|---|---|---|
| 001 | publ21648 | ||
| 005 | 20210616093038.0 | ||
| 008 | 210616s2021 hu o 0|| zxx d | ||
| 020 | |a 9789635561209 | ||
| 024 | 7 | |a 32068409 |2 mtmt | |
| 040 | |a SZTE Publicatio Repozitórium |b hun | ||
| 041 | |a zxx | ||
| 100 | 1 | |a Molnár Erzsébet | |
| 245 | 1 | 0 | |a Strafrechtliche Verantwortung ohne Grenzen |h [elektronikus dokumentum] : |b Der dogmatische Charakter der Führungsverantwortung im ungarischen Strafrechtssystem / |c Molnár Erzsébet |
| 260 | |a Gondolat Publishers |b Budapest |c 2021 | ||
| 300 | |a 15 | ||
| 300 | |a 297-311 | ||
| 490 | 0 | |a Humboldt-Nachrichten – Zeitschrift des Humboldt-Vereins Ungarn | |
| 490 | 0 | |a Neue Grenzen: Humboldt-Kolleg Budapest 2018 = New Frontiers: Humboldt Kolleg Budapest 2018 | |
| 856 | 4 | 0 | |u http://publicatio.bibl.u-szeged.hu/21648/1/Humboldt_elolap_tartalom.pdf |z Dokumentum-elérés |
| 856 | 4 | 0 | |u http://publicatio.bibl.u-szeged.hu/21648/2/ME_Fuhrungsverantwortung_Humboldt_2021.pdf |z Dokumentum-elérés |